Click the Guns N' Roses Song Title Ending - Statistics

General Stats
  • This quiz has been taken 135 times
  • The average score is 18 of 20
Answer Stats
Hint Answer % Correct
Knockin' On Heaven's Door
99%
Welcome to the Jungle
99%
Sweet Child O' Mine
99%
Live and Let Die
97%
Don't Cry
96%
November Rain
96%
Dust N' Bones
95%
Civil War
95%
14 Years
95%
Paradise City
94%
Shadow Of Your Love
90%
Chinese Democracy
86%
Dead Horse
85%
Mr. Brownstone
84%
Right Next Door To Hell
84%
Shotgun Blues
81%
Rocket Queen
79%
Double Talkin' Jive
77%
My Michelle
75%
Bad Obsession
71%
No matching quizzes found
Score Distribution
Percent of People with Each Score
Percentile by Number Answered
Your Score History
You have not taken this quiz